Statistics for World Capitals from Serbian to English #3

Click here to take the quiz!

General Stats

  • This quiz has been taken 78 times
  • The average score is 8 of 10

Answer Stats

SerbianEnglish% Correct
KanberaCanberra
97%
TokijoTokyo
96%
BukureštBucharest
95%
ViljnusVilnius
93%
DžibutiDjibouti
92%
BriselBrussels
85%
KejptaunCape Town
79%
AlžirAlgiers
76%
NdžamenaN'Djamena
64%
BečVienna
49%

Score Distribution

Percentile by Number Answered

Percent of People with Each Score

Your Score History

You have not taken this quiz